000 00547nam a22002057a 4500
003 OSt
005 20260225154810.0
008 260225b |||||||| |||| 00| 0 eng d
020 _a 9789387593275
040 _cNLM
082 _aQZ4 D451p 2021
100 _aKeya, Desai; Mohit,Bansal; By Raj Pal, Bansal
_919546
245 _aPathophysiology For Pharmacy
260 _aPV India;
_bStandared,
_c2025
300 _a315p.; Ill: 23.5cm
504 _aIndex included
650 _aPathophysiology
_91863
650 _aPharmacy
942 _2z
_cO_SHELF
999 _c9606
_d9606